LIBRARY & INFORMATION CENTRE, KCAET, TAVANUR

ONLINE PUBLIC ACCESS CATALOGUE (OPAC)

Course in Workshop Technology, Vol,lI I(Machine tools) (Record no. 10235)

MARC details
000 -LEADER
fixed length control field 00435cam a2200157ua 4500
003 - CONTROL NUMBER IDENTIFIER
control field OSt
008 - FIXED-LENGTH DATA ELEMENTS--GENERAL INFORMATION
fixed length control field 250315b |||||||| |||| 00| 0 eng d
082 ## - DEWEY DECIMAL CLASSIFICATION NUMBER
Classification number 621.9
Item number RAG/CO
100 ## - MAIN ENTRY--AUTHOR NAME
Personal name Raghuvanshi, B. S
245 ## - TITLE STATEMENT
Title Course in Workshop Technology, Vol,lI I(Machine tools)
250 ## - EDITION STATEMENT
Edition statement 9 / Riv &En
260 ## - PUBLICATION, DISTRIBUTION, ETC. (IMPRINT)
Place of publication New Delhi :
Name of publisher Dhanpat Rai Publishing Co. Pvt. Ltd. ,
Year of publication 1998.
300 ## - PHYSICAL DESCRIPTION
Number of Pages 1001 ; .
500 ## - GENERAL NOTE
General note *CSS
942 ## - ADDED ENTRY ELEMENTS (KOHA)
Koha item type Books
Holdings
Withdrawn status Lost status Damaged status Home library Current library Date acquired Full call number Accession Number Koha item type
      KAUAET KAUAET 07/04/2012 621.9 RAG/CO 18638 Books
      KAUAET KAUAET 07/04/2012 621.9 RAG/CO 18644 Books
      KAUAET KAUAET 07/04/2012 621.9 RAG/CO 18586 Books
      KAUAET KAUAET 07/04/2012 621.9 RAG/CO 18587 Books
    Damaged KAUAET KAUAET 07/04/2012 621.9 RAG/CO 18716 Books
free website counter